000 00984cam a22003134a 4500
001 14945491
005 20180823081319.0
008 070727s2008 mauab b 001 0 eng
010 _a 2007031109
016 7 _a101312807
_2DNLM
020 _a9780763736187 (alk. paper)
020 _a076373618X (alk. paper)
035 _a(OCoLC)ocn162143289
035 _a(OCoLC)162143289
_z(OCoLC)148795056
040 _aDNLM/DLC
_cDLC
_dNLM
_dBAKER
_dBTCTA
_dYDXCP
_dC#P
_dBWX
_dCOO
_dMUQ
_dDLC
041 _aeng
042 _apcc
060 0 0 _a2008 C-011
060 1 0 _aQZ 220.1
_bF981 2008
080 _a614.599
082 0 0 _a614.599
_222
100 _a6
101 _aKAN
245 0 0 _aFundamentals of cancer epidemiology /
_c[edited by] Philip C. Nasca, Harris Pastides.
504 _aIncludes bibliographical references and index.
906 _a7
_bcbc
_corignew
_d1
_eecip
_f20
_gy-gencatlg
942 _2ddc
_cBK
999 _c47278
_d47278